| 000 | 00537nam a2200193Ia 4500 | ||
|---|---|---|---|
| 003 | GCL | ||
| 008 | 140319s9999 xx 000 0 eng d | ||
| 040 |
_aGCL / _cGCL |
||
| 082 | 0 | 4 |
_a629.13007 _bF A |
| 100 | 1 | _aFEDRAL AVIATION | |
| 245 | 1 | 0 |
_aAVIATION AND SPACE CURRICULUM GUIDE K - 3 / _cFEDRAL AVIATION |
| 260 |
_a[S.N] : _bFEDRAL AVIATION ADMINISTRATION ، _c1992 |
||
| 300 | _a259 P | ||
| 650 | 0 | 4 | _aAVIATION |
| 650 | 0 | 4 | _aTRANSPORTATION |
| 650 | 0 | 4 | _aEDUCATION |
| 650 | 0 | 4 | _aAERONAUTICS - STUDY AND TEACHING |
| 942 |
_2ddc _cBK |
||
| 999 |
_c15509 _d15509 |
||